[Event "Mazowiec-chT 1819"]
[Site "Warsaw"]
[Date "2019.01.13"]
[Round "2.10"]
[White "Czorniej, Antonina"]
[Black "Kaniak, Monika"]
[Result "0-1"]
[WhiteElo "1536"]
[BlackElo "1875"]
[PlyCount "108"]
[EventDate "2018.12.02"]
[EventType "team-tourn"]
[EventRounds "7"]
[EventCountry "POL"]
[SourceTitle "EXT 2020"]
[Source "ChessBase"]
[SourceDate "2019.10.17"]
[SourceVersion "1"]
[SourceVersionDate "2019.10.17"]
[SourceQuality "1"]

1. Nf3 g6 2. g3 Bg7 3. Bg2 Nf6 4. 0-0 c5 5. d3 0-0 6. e4 d6 7. Nc3 Nc6 8. Bg5 Bg4 9. Qd2 Rb8 10. Bh6 Bxf3 11. Bxf3 Nd4 12. Bd1 Qd7 13. Bxg7 Kxg7 14. Nb1 Qh3 15. c3 Nc6 16. Qe2 b5 17. f4 b4 18. Qg2 Qxg2+ 19. Kxg2 bxc3 20. bxc3 Rb2+ 21. Rf2 Rfb8 22. Nd2 d5 23. e5 Nd7 24. Bf3 e6 25. Nb3 Rxf2+ 26. Kxf2 f6 27. exf6+ Kxf6 28. c4 Nb4 29. cxd5 exd5 30. Ke2 Ke7 31. Kd2 Kd6 32. Nc1 Nc6 33. Ne2 Rb2+ 34. Kc1 Rb8 35. Nc3 Nf6 36. g4 Nd4 37. Bd1 Ne6 38. g5 Nd7 39. Ne2 Rf8 40. Rb1 Nxf4 41. Nxf4 Rxf4 42. h3 Ne5 43. Rb7 Nxd3+ 44. Kd2 Nf2 45. Rxh7 Rd4+ 46. Ke2 Nxd1 47. Rxa7 Nc3+ 48. Kf3 Ra4 49. Rg7 Rxa2 50. Rxg6+ Ke5 51. h4 Ne4 52. Kg4 Rg2+ 53. Kh5 c4 54. Rg8 Nf6+ 0-1

[Event "Mazowiec-chT 1617"]
[Site "Warsaw"]
[Date "2017.02.05"]
[Round "10.10"]
[White "Bartczak, Hanna"]
[Black "Czorniej, Antonina"]
[Result "1/2-1/2"]
[WhiteElo "1514"]
[BlackElo "1531"]
[PlyCount "110"]
[EventDate "2016.12.11"]
[EventType "team-tourn"]
[EventRounds "10"]
[EventCountry "POL"]
[SourceTitle "EXT 2019"]
[Source "ChessBase"]
[SourceDate "2018.10.10"]
[SourceVersion "1"]
[SourceVersionDate "2018.10.10"]
[SourceQuality "1"]

1. d4 Nf6 2. c4 g6 3. Nc3 d5 4. cxd5 Nxd5 5. e4 Nxc3 6. bxc3 Bg7 7. Nf3 0-0 8. Be2 c5 9. 0-0 Nc6 10. Be3 Bg4 11. Rb1 Qc7 12. Qb3 Na5 13. Qb5 a6 14. Qb6 Rac8 15. h3 Bd7 16. Rfc1 cxd4 17. Qxc7 Rxc7 18. cxd4 Rfc8 19. d5 Rc2 20. Rxc2 Rxc2 21. Bd2 b5 22. Bxb5 Bxb5 23. Bxa5 Rxa2 24. Bd2 Ra1 25. Rxa1 Bxa1 26. Bb4 Kf8 27. Kh2 f6 28. Kg3 Ke8 29. Nd2 Be5+ 30. f4 Bd6 31. Bc3 Kd7 32. Kf3 Bc7 33. Nb3 Bb6 34. g4 h5 35. g5 fxg5 36. fxg5 Bf1 37. h4 Bh3 38. Na5 Bg4+ 39. Kg2 e6 40. dxe6+ Kxe6 41. Nc6 Bc7 42. Na5 Bxa5 43. Bxa5 Ke5 44. Kf2 Kxe4 45. Ke1 Kf3 46. Kf1 Bh3+ 47. Kg1 Kg4 48. Be1 a5 49. Bxa5 Kxh4 50. Bd8 Kg3 51. Bc7+ Kh4 52. Bd8 Be6 53. Kh2 Kg4 54. Bf6 Kf5 55. Bd8 Bd5 1/2-1/2

[Event "Mazowiec-chT 1617"]
[Site "Warsaw"]
[Date "2017.01.15"]
[Round "6.20"]
[White "Czorniej, Antonina"]
[Black "Trybula, Agata"]
[Result "0-1"]
[WhiteElo "1531"]
[BlackElo "1693"]
[PlyCount "120"]
[EventDate "2016.12.11"]
[EventType "team-tourn"]
[EventRounds "10"]
[EventCountry "POL"]
[SourceTitle "EXT 2019"]
[Source "ChessBase"]
[SourceDate "2018.10.10"]
[SourceVersion "1"]
[SourceVersionDate "2018.10.10"]
[SourceQuality "1"]

1. d4 Nf6 2. c4 d6 3. Nf3 Nbd7 4. g3 e5 5. Bg2 c6 6. 0-0 Be7 7. Nc3 0-0 8. Qc2 Qc7 9. e4 Re8 10. h3 Nf8 11. Be3 Ng6 12. Rfc1 a6 13. Rab1 Bd7 14. b4 Qc8 15. a4 Bxh3 16. a5 exd4 17. Bxd4 Be6 18. Na4 Nd7 19. Be3 Bf6 20. Ng5 Bg4 21. f3 Bxg5 22. Bxg5 Be6 23. f4 Bg4 24. f5 Nge5 25. Rb3 f6 26. Bf4 Rb8 27. Qd2 Qc7 28. c5 dxc5 29. Nxc5 Nxc5 30. bxc5 Rbd8 31. Bxe5 Rxe5 32. Qa2 Qf7 33. Qb2 Rd7 34. Rb1 Rxc5 35. Rxb7 Rxb7 36. Qxb7 Qxb7 37. Rxb7 g6 38. Rb6 Be2 39. fxg6 hxg6 40. Kf2 Bb5 41. Bh3 Rc2+ 42. Ke3 Rc3+ 43. Kf2 Ra3 44. Bd7 Rxa5 45. Bxc6 Bxc6 46. Rxc6 Ra2+ 47. Ke3 Kg7 48. g4 a5 49. g5 fxg5 50. Kf3 Ra1 51. Ra6 a4 52. Kg4 a3 53. Kxg5 a2 54. Ra7+ Kf8 55. Ra8+ Ke7 56. Ra7+ Kd6 57. Kxg6 Rg1+ 58. Kf6 a1Q+ 59. Rxa1 Rxa1 60. e5+ Kd7 0-1

[Event "Warsaw-ch opB 66th"]
[Site "Warsaw"]
[Date "2013.05.16"]
[Round "6"]
[White "Kaczmarczyk, Marcin"]
[Black "Czorniej, Antonina"]
[Result "0-1"]
[WhiteElo "1566"]
[BlackElo "1394"]
[PlyCount "106"]
[EventDate "2013.05.11"]
[EventType "swiss"]
[EventRounds "9"]
[EventCountry "POL"]
[SourceTitle "CBM 154 Extra"]
[Source "ChessBase"]
[SourceDate "2013.06.25"]
[SourceVersion "2"]
[SourceVersionDate "2013.06.25"]
[SourceQuality "1"]

1. e4 c6 2. d4 d5 3. Nc3 dxe4 4. Nxe4 Bf5 5. Ng3 Bg6 6. h4 h6 7. Nf3 Nd7 8. h5 Bh7 9. Bd3 Bxd3 10. Qxd3 e6 11. Bd2 Ngf6 12. 0-0-0 Be7 13. Ne4 Nxe4 14. Qxe4 Nf6 15. Qe2 Qd5 16. c4 Qe4 17. Qxe4 Nxe4 18. Be3 0-0 19. Ne5 Rfd8 20. g4 c5 21. d5 exd5 22. cxd5 Nf6 23. g5 hxg5 24. Bxg5 Rxd5 25. Rxd5 Nxd5 26. Bxe7 Nxe7 27. h6 gxh6 28. Rxh6 f5 29. Rf6 b6 30. Rd6 Kg7 31. Kc2 f4 32. Kd3 Nf5 33. Rg6+ Kh7 34. Rf6 Nd4 35. Rxf4 Rd8 36. Kc4 b5+ 37. Kd3 Ne6+ 38. Ke4 Nxf4 39. Kxf4 Rd2 40. Ke3 Rxb2 41. f4 Rxa2 42. f5 c4 43. f6 c3 44. Nd7 Kg6 45. f7 Kxf7 46. Ne5+ Ke6 47. Nd3 Rd2 48. Nc5+ Kd5 49. Ne4 Kc4 50. Nxd2+ cxd2 51. Kxd2 Kb3 52. Kc1 Ka2 53. Kc2 b4 0-1

[Event "POL-ch U18 Girls"]
[Site "Szczyrk"]
[Date "2013.??.??"]
[Round "5"]
[White "Czorniej, Antonina"]
[Black "Kadziela, Agnieszka"]
[Result "1/2-1/2"]
[WhiteElo "1365"]
[BlackElo "1451"]
[PlyCount "49"]
[EventDate "2013.03.17"]
[EventType "swiss"]
[EventRounds "9"]
[EventCountry "POL"]
[SourceTitle "CBM 153 Extra"]
[Source "ChessBase"]
[SourceDate "2013.04.22"]
[SourceVersion "1"]
[SourceVersionDate "2013.04.22"]
[SourceQuality "1"]

1. d4 d5 2. c4 e6 3. Nf3 Nf6 4. g3 Be7 5. Bg2 0-0 6. 0-0 c5 7. cxd5 Qxd5 8. Nc3 Qd8 9. dxc5 Bxc5 10. Na4 Be7 11. Qb3 Bd7 12. Ne5 Nc6 13. Nxd7 Qxd7 14. Nc3 Rad8 15. Bf4 Na5 16. Qc2 a6 17. Rfd1 Qc8 18. Qa4 Rxd1+ 19. Rxd1 Nc4 20. Qb3 Na5 21. Qa4 Nc4 22. Qb3 Na5 23. Qa4 Nc4 24. Qb3 Na5 25. Qa4 1/2-1/2

[Event "POL-ch U18 Girls"]
[Site "Szczyrk"]
[Date "2013.??.??"]
[Round "9"]
[White "Maciazek, Aleksandra"]
[Black "Czorniej, Antonina"]
[Result "0-1"]
[WhiteElo "1401"]
[BlackElo "1365"]
[PlyCount "102"]
[EventDate "2013.03.17"]
[EventType "swiss"]
[EventRounds "9"]
[EventCountry "POL"]
[SourceTitle "CBM 153 Extra"]
[Source "ChessBase"]
[SourceDate "2013.04.22"]
[SourceVersion "1"]
[SourceVersionDate "2013.04.22"]
[SourceQuality "1"]

1. e4 c6 2. d4 d5 3. exd5 cxd5 4. Bd3 Nc6 5. c3 Qc7 6. Qf3 Nf6 7. h3 a6 8. a4 e5 9. dxe5 Nxe5 10. Qe2 Be7 11. Bf4 Nxd3+ 12. Qxd3 Qxf4 13. Ne2 Qc7 14. 0-0 0-0 15. Re1 a5 16. Nd4 Bc5 17. Nd2 Bd7 18. N2f3 Bxd4 19. Qxd4 Qc4 20. Qd1 Bf5 21. Qd2 Rfe8 22. Ne5 Qc7 23. Nd3 Bxd3 24. Qxd3 Rxe1+ 25. Rxe1 Qd7 26. b3 h6 27. Rd1 Qc6 28. c4 dxc4 29. Qxc4 Qxc4 30. bxc4 Rc8 31. Rb1 Rxc4 32. Rxb7 Rxa4 33. Rb8+ Kh7 34. Rb7 Kg6 35. g4 Nd5 36. Rd7 Rd4 37. Kg2 Kf6 38. Rd6+ Ke5 39. Ra6 a4 40. Ra7 Rf4 41. Kg3 g5 42. h4 f6 43. f3 Nc3 44. Ra5+ Kd4 45. hxg5 hxg5 46. Ra6 Kc4 47. Rc6+ Kb3 48. Rc5 a3 49. Rf5 Rxf5 50. gxf5 a2 51. Kg4 a1Q 0-1

[Event "Warsaw-ch opB 65th"]
[Site "Warsaw"]
[Date "2012.05.26"]
[Round "1"]
[White "Czorniej, Antonina"]
[Black "Sawicki, Wojciech"]
[Result "0-1"]
[WhiteElo "1317"]
[BlackElo "1762"]
[PlyCount "40"]
[EventDate "2012.05.26"]
[EventType "swiss"]
[EventRounds "9"]
[EventCountry "POL"]
[SourceTitle "EXT 2014"]
[Source "ChessBase"]
[SourceDate "2013.11.20"]
[SourceVersion "1"]
[SourceVersionDate "2013.11.20"]
[SourceQuality "1"]

1. e4 e5 2. Nf3 Nc6 3. Bb5 a6 4. Ba4 Nf6 5. 0-0 Be7 6. Re1 b5 7. Bb3 0-0 8. c3 d5 9. exd5 Nxd5 10. Nxe5 Nxe5 11. Rxe5 c6 12. d4 Bd6 13. Re1 Qh4 14. g3 Qh3 15. Qf3 Bg4 16. Qg2 Qh5 17. Nd2 Rae8 18. Rxe8 Rxe8 19. h4 Re1+ 20. Kh2 Qxh4+ 0-1

[Event "Warsaw MG-ch 2nd"]
[Site "Warsaw"]
[Date "2012.02.20"]
[Round "6"]
[White "Czorniej, Antonina"]
[Black "Budrewicz, Henryk"]
[Result "0-1"]
[WhiteElo "1278"]
[BlackElo "1650"]
[PlyCount "88"]
[EventDate "2012.01.02"]
[EventType "swiss"]
[EventRounds "11"]
[EventCountry "POL"]
[SourceTitle "EXT 2014"]
[Source "ChessBase"]
[SourceDate "2013.11.20"]
[SourceVersion "1"]
[SourceVersionDate "2013.11.20"]
[SourceQuality "1"]

1. d4 Nf6 2. c4 g6 3. Nc3 d5 4. cxd5 Nxd5 5. e4 Nb6 6. g3 Bg7 7. Nge2 0-0 8. Bg2 c6 9. 0-0 e6 10. b3 Na6 11. Bf4 g5 12. Be3 Nc7 13. Qd2 h6 14. e5 Ncd5 15. Nxd5 Nxd5 16. Be4 f5 17. Bc2 Nxe3 18. fxe3 Bxe5 19. Qd3 Bc7 20. g4 Qe7 21. gxf5 exf5 22. Ng3 Bxg3 23. hxg3 Be6 24. e4 f4 25. e5 Bf5 26. Qc4+ Kg7 27. Bxf5 Rxf5 28. g4 Rff8 29. Qc5 Qe6 30. Kh1 Qxg4 31. Qe7+ Rf7 32. Qd6 f3 33. Rf2 Re8 34. Re1 Qe6 35. Qxe6 Rxe6 36. Kh2 g4 37. Kg3 h5 38. Re4 Kg6 39. Rf4 Rf5 40. Rd2 Kg5 41. Re4 h4+ 42. Kf2 g3+ 43. Kf1 h3 44. Re1 h2 0-1

[Event "Warsaw MG-ch 2nd"]
[Site "Warsaw"]
[Date "2012.02.13"]
[Round "5"]
[White "Jakimczuk, Alicja"]
[Black "Czorniej, Antonina"]
[Result "0-1"]
[WhiteElo "1418"]
[BlackElo "1278"]
[PlyCount "58"]
[EventDate "2012.01.02"]
[EventType "swiss"]
[EventRounds "11"]
[EventCountry "POL"]
[SourceTitle "EXT 2014"]
[Source "ChessBase"]
[SourceDate "2013.11.20"]
[SourceVersion "1"]
[SourceVersionDate "2013.11.20"]
[SourceQuality "1"]

1. d4 Nf6 2. c4 g6 3. Nc3 d5 4. Bg5 Bg7 5. Nf3 c6 6. e3 0-0 7. Be2 Re8 8. 0-0 Bg4 9. c5 Nbd7 10. Bf4 Bxf3 11. Bxf3 e5 12. Bg5 Qc7 13. h3 exd4 14. exd4 Ne4 15. Bd2 Bxd4 16. Bh6 Bxc3 17. bxc3 Nxc3 18. Qc2 d4 19. Rae1 Nxc5 20. Rxe8+ Rxe8 21. Qd2 Qd7 22. Bg4 f5 23. Bh5 N5e4 24. Qb2 gxh5 25. Re1 d3 26. Re3 d2 27. Qb3+ Kh8 28. Qb4 d1Q+ 29. Kh2 Q7d6+ 0-1

[Event "Warsaw MG-ch 2nd"]
[Site "Warsaw"]
[Date "2012.01.09"]
[Round "2"]
[White "Czorniej, Antonina"]
[Black "Kurowski, Andrzej"]
[Result "1/2-1/2"]
[WhiteElo "1278"]
[BlackElo "1775"]
[PlyCount "41"]
[EventDate "2012.01.02"]
[EventType "swiss"]
[EventRounds "11"]
[EventCountry "POL"]
[SourceTitle "EXT 2014"]
[Source "ChessBase"]
[SourceDate "2013.11.20"]
[SourceVersion "1"]
[SourceVersionDate "2013.11.20"]
[SourceQuality "1"]

1. e4 e6 2. d4 d5 3. Nc3 Nf6 4. Bg5 Bb4 5. exd5 exd5 6. Bd3 0-0 7. Nge2 Be6 8. 0-0 h6 9. Be3 Nc6 10. Re1 Qd7 11. a3 Be7 12. h3 Rfe8 13. Qd2 Bf8 14. Ng3 Rad8 15. Nce2 Ne7 16. Nf4 Nf5 17. Nxe6 fxe6 18. Nxf5 exf5 19. Bf4 Ne4 20. Bxe4 dxe4 21. Rad1 1/2-1/2

[Event "Warsaw Four Seasons op 2nd"]
[Site "Warsaw"]
[Date "2011.??.??"]
[Round "2"]
[White "Borowski, Marek"]
[Black "Czorniej, Antonina"]
[Result "1-0"]
[WhiteElo "1559"]
[BlackElo "1288"]
[PlyCount "105"]
[EventDate "2011.11.26"]
[EventType "swiss"]
[EventRounds "9"]
[EventCountry "POL"]
[SourceTitle "EXT 2014"]
[Source "ChessBase"]
[SourceDate "2013.11.20"]
[SourceVersion "1"]
[SourceVersionDate "2013.11.20"]
[SourceQuality "1"]

1. d4 c6 2. c4 d5 3. Nc3 Nf6 4. Nf3 e6 5. e3 Nbd7 6. Bd3 Be7 7. 0-0 0-0 8. Re1 b6 9. b3 Re8 10. Bb2 c5 11. cxd5 Nxd5 12. Nxd5 exd5 13. Qc2 g6 14. Rac1 Bf6 15. e4 dxe4 16. Bxe4 Rb8 17. dxc5 Bxb2 18. Qxb2 Nxc5 19. Bc6 Rxe1+ 20. Rxe1 Be6 21. Qe2 Qc7 22. Bb5 Rc8 23. Ng5 Bd7 24. Bc4 Be8 25. Rc1 Qf4 26. Qe3 Qxe3 27. fxe3 h6 28. Nf3 Kg7 29. Be2 Bd7 30. Ne5 Re8 31. Nxd7 Nxd7 32. Rc7 Nf6 33. Rxa7 Nh5 34. Kf2 Re5 35. Bc4 Rf5+ 36. Ke2 b5 37. g4 Rc5 38. Rxf7+ Kh8 39. gxh5 bxc4 40. hxg6 cxb3 41. axb3 Rc2+ 42. Kd3 Rxh2 43. b4 Rb2 44. Kc4 Re2 45. Kd4 Rb2 46. Rb7 Ra2 47. Rh7+ Kg8 48. Rxh6 Kg7 49. Rh1 Kxg6 50. Rf1 Ra4 51. Kc5 Ra2 52. b5 Rb2 53. Kc6 1-0